Statistiques concernant fonction endo placenta

Cliquez ici pour prendre le quiz!

Statistiques générales

  • Ce quiz a été pris 2 fois
  • Le résultat moyen est 25 sur 38

Statistiques - réponses

HintRéponse% Correct
à SA TSH chez femme enceinte abaisée10SA
100%
pic hCG SA10SA
100%
mais seulement à partir de la SG qu'on agit sur les OGI (avec importance testo et DHT)10SG
100%
aromatase ne se met en place qu'à partir de la SA12SA
100%
fréquence dysthyroïdie foetale1/50 000
100%
passage d'iode maman au bb majore besoins d'iodes maman à200-300µg/j
100%
apport maternel (T4) indispensable au bon dev neurologique du fœtus jusqu'à la SG puis foetus devient indépendant20eSG
100%
dès SG organogénèse et migration thyroïde2SG
100%
hCG taux augmete doucement et accélère à partir SA4SA
100%
ttt contre déficit 21 hydroxylase ou 11 hydroxylase doit être mis en place dès la6SG
100%
dev qui commence dès la SG7SG
100%
rôle hCG (TH-like )action thyréostimulante
100%
hCG permetdiff CT
100%
risque intermédiaire entreentre 1/1000 et 1/50
100%
hCG permetfavorise l'angiogenèse
100%
et jusqu'à lafin de la grossesse
100%
risque élevé> 1/50
100%
hCG rôleimmunosuppresseur
100%
hCG permetimplantation du trophoblaste
100%
début sécrétion hCG dès J après fécondationJ7
100%
pGH sécrété parle placenta
100%
risque faible T21< 1/1000
100%
puis nette diminution jusqu'aux MM3
100%
corps jaune assure sécrétion progestérone pendant les SS6 1ere S
100%
augmentation propor à la croissance du fœtus et du placenta des œstrogènes élévation dès le T et TT2 et T3
100%
pour cela qu'il n'est pas possible de différencier sexe enfant avant la SG en écho12SG
0%
oestriol représente % du taux d'œstrogènes60 à 70%
0%
fenêtre de biosynthèse importance du cortisol entre SG8 et 12 SG
0%
hCG permetcroissance cellulaire
0%
hCG permetcroissance du cordon ombilical
0%
au niveau utérus hCG et surtout progestérone permetcroissance utérine
0%
hCG permetfavorise la bonne vascularisation
0%
pGH rôlehyperglycémiant
0%
hCG rôleinhibition de la phagocytose des cellules trophoblastiques extra villeuse
0%
hCS/hPL rôle dansla lactation
0%
progestérone rôlemaintient de la grossesse grâce à la suppression de la contractilité utérine
0%
au niveau utérus hCG et surtout progestérone permetmise au repos du muscle utérin
0%
rôle fenêtre de biosynthèse importance du cortisolprotège fœtus 46XX des androgènes surrénaliens
0%

Distribution des résultats

Percentile par nombre de réponses

% des personnes avec chaque résultat

Votre développement - résultats

Vous n’avez pas pris ce quiz